[Event "World Chess Olympiad 2018"]
[Site "Batumi"]
[Date "2018.10.03"]
[Round "9"]
[Board "4"]
[WhiteFideId "10200649"]
[White "Hossain Enamul"]
[BlackFideId "2226332"]
[Black "Ibarra Jerez Jose Carlos"]
[Result "0-1"]
[LiveChessVersion "1.4.8"]
[BlackElo "2564"]
[WhiteElo "2452"]

1. e4 {[%clk 1:30:52]} e5 {[%clk 1:30:34]} 2. Nf3 {[%clk 1:31:02]} Nc6
{[%clk 1:30:42]} 3. Bc4 {[%clk 1:30:45]} Bc5 {[%clk 1:30:10]} 4. c3
{[%clk 1:30:51]} Nf6 {[%clk 1:30:09]} 5. d4 {[%clk 1:30:47]} exd4
{[%clk 1:29:37]} 6. e5 {[%clk 1:31:06]} d5 {[%clk 1:27:52]} 7. Bb5
{[%clk 1:31:18]} Ne4 {[%clk 1:27:06]} 8. cxd4 {[%clk 1:31:37]} Bb6
{[%clk 1:25:40]} 9. Nc3 {[%clk 1:31:10]} O-O {[%clk 1:18:40]} 10. Be3
{[%clk 1:23:49]} Bg4 {[%clk 1:09:36]} 11. h3 {[%clk 1:22:14]} Bh5
{[%clk 1:08:02]} 12. O-O {[%clk 1:06:15]} f6 {[%clk 0:47:32]} 13. exf6
{[%clk 0:58:50]} Nxf6 {[%clk 0:45:31]} 14. Be2 {[%clk 0:58:12]} Qd6
{[%clk 0:43:17]} 15. Na4 {[%clk 0:54:23]} Rae8 {[%clk 0:37:01]} 16. Rc1
{[%clk 0:47:34]} Ne4 {[%clk 0:31:52]} 17. Nxb6 {[%clk 0:37:47]} axb6
{[%clk 0:30:25]} 18. Nh4 {[%clk 0:33:15]} Bf7 {[%clk 0:21:21]} 19. Bh5
{[%clk 0:27:04]} g6 {[%clk 0:19:15]} 20. Be2 {[%clk 0:27:24]} Ng3
{[%clk 0:17:49]} 21. Re1 {[%clk 0:27:22]} Rxe3 {[%clk 0:16:45]} 22. fxe3
{[%clk 0:26:19]} Qe7 {[%clk 0:15:00]} 23. Bb5 {[%clk 0:22:49]} Qxh4
{[%clk 0:14:57]} 24. Bxc6 {[%clk 0:23:11]} bxc6 {[%clk 0:14:55]} 25. Rxc6
{[%clk 0:23:32]} Be8 {[%clk 0:13:35]} 26. Rxc7 {[%clk 0:21:55]} Qf6
{[%clk 0:12:56]} 27. Qc2 {[%clk 0:14:56]} h5 {[%clk 0:12:32]} 28. Rc8
{[%clk 0:08:25]} h4 {[%clk 0:12:27]} 29. Rc1 {[%clk 0:08:17]} Qe6
{[%clk 0:11:14]} 30. Qd3 {[%clk 0:07:16]} Kg7 {[%clk 0:10:18]} 31. R8c7+
{[%clk 0:05:23]} Kh6 {[%clk 0:10:17]} 32. Qd2 {[%clk 0:02:02]} g5
{[%clk 0:06:16]} 33. b3 {[%clk 0:01:28]} Rf6 {[%clk 0:05:35]} 34. a4
{[%clk 0:01:21]} Bh5 {[%clk 0:05:02]} 35. Qd3 {[%clk 0:00:57]} Bg6
{[%clk 0:04:49]} 36. Qd2 {[%clk 0:01:25]} Qe8 {[%clk 0:01:55]} 37. Re1
{[%clk 0:00:56]} Qf8 {[%clk 0:01:29]} 38. Rcc1 {[%clk 0:01:19]} Qa3
{[%clk 0:01:28]} 39. Qd1 {[%clk 0:00:38]} Qb2 {[%clk 0:01:37]} 40. Kh2
{[%clk 0:30:57]} Be4 {[%clk 0:31:10]} 0-1

[Event "World Chess Olympiad 2018"]
[Site "Batumi"]
[Date "2018.10.03"]
[Round "9"]
[Board "1"]
[WhiteFideId "1301837"]
[White "Pelletier Yannick"]
[BlackFideId "12401137"]
[Black "Le Quang Liem"]
[Result "0-1"]
[LiveChessVersion "1.4.8"]
[BlackElo "2715"]
[WhiteElo "2544"]

1. d4 {[%clk 1:30:52]} Nf6 {[%clk 1:30:49]} 2. c4 {[%clk 1:31:12]} e6
{[%clk 1:31:13]} 3. Nc3 {[%clk 1:31:31]} Bb4 {[%clk 1:31:34]} 4. Qc2
{[%clk 1:31:47]} d5 {[%clk 1:31:29]} 5. cxd5 {[%clk 1:32:00]} exd5
{[%clk 1:31:52]} 6. Bg5 {[%clk 1:32:15]} h6 {[%clk 1:32:10]} 7. Bh4
{[%clk 1:32:24]} c5 {[%clk 1:32:04]} 8. dxc5 {[%clk 1:31:37]} O-O
{[%clk 1:32:17]} 9. e3 {[%clk 1:27:17]} Be6 {[%clk 1:32:29]} 10. Nf3
{[%clk 1:27:34]} Nbd7 {[%clk 1:32:47]} 11. Bd3 {[%clk 1:27:13]} Rc8
{[%clk 1:32:05]} 12. O-O {[%clk 1:27:18]} Nxc5 {[%clk 1:25:56]} 13. Nb5
{[%clk 1:23:41]} d4 {[%clk 1:20:05]} 14. Nxa7 {[%clk 0:58:23]} Ra8
{[%clk 1:19:58]} 15. Nb5 {[%clk 0:54:56]} dxe3 {[%clk 1:13:35]} 16. Bh7+
{[%clk 0:46:24]} Kh8 {[%clk 1:13:56]} 17. fxe3 {[%clk 0:46:51]} Rxa2
{[%clk 1:06:19]} 18. Nbd4 {[%clk 0:37:16]} Rxa1 {[%clk 1:00:24]} 19. Rxa1
{[%clk 0:37:42]} Qe7 {[%clk 0:56:58]} 20. Bf5 {[%clk 0:27:39]} Bd5
{[%clk 0:47:08]} 21. Bxf6 {[%clk 0:27:52]} Qxe3+ {[%clk 0:34:48]} 22. Qf2
{[%clk 0:26:32]} Qxf2+ {[%clk 0:34:57]} 23. Kxf2 {[%clk 0:26:59]} gxf6
{[%clk 0:35:16]} 24. g4 {[%clk 0:10:22]} Ne6 {[%clk 0:33:44]} 25. Rc1
{[%clk 0:10:10]} Ra8 {[%clk 0:33:39]} 26. Ke3 {[%clk 0:08:49]} Bd6
{[%clk 0:32:28]} 27. Rc2 {[%clk 0:06:06]} Bf4+ {[%clk 0:30:43]} 28. Kd3
{[%clk 0:04:50]} Rd8 {[%clk 0:28:47]} 29. Be4 {[%clk 0:04:20]} Ba2
{[%clk 0:27:11]} 30. Kc3 {[%clk 0:04:35]} Be5 {[%clk 0:19:12]} 31. Rd2
{[%clk 0:04:30]} Rc8+ {[%clk 0:19:33]} 32. Kb4 {[%clk 0:02:23]} Bd6+
{[%clk 0:15:27]} 33. Kb5 {[%clk 0:02:33]} Bc4+ {[%clk 0:14:49]} 34. Kb6
{[%clk 0:02:59]} Nc5 {[%clk 0:11:36]} 35. Bxb7 {[%clk 0:00:43]} Rb8
{[%clk 0:11:57]} 36. Kc6 {[%clk 0:00:32]} Nxb7 {[%clk 0:11:52]} 37. Nf5
{[%clk 0:00:37]} Bf4 {[%clk 0:11:18]} 0-1

[Event "World Chess Olympiad 2018"]
[Site "Batumi"]
[Date "2018.10.03"]
[Round "9"]
[Board "2"]
[WhiteFideId "12401110"]
[White "Nguyen Ngoc Truong Son"]
[BlackFideId "1300113"]
[Black "Georgiadis Nico"]
[Result "1-0"]
[LiveChessVersion "1.4.8"]
[BlackElo "2522"]
[WhiteElo "2620"]

1. d4 {[%clk 1:30:48]} Nf6 {[%clk 1:30:49]} 2. Nf3 {[%clk 1:31:06]} d5
{[%clk 1:31:09]} 3. c4 {[%clk 1:31:25]} e6 {[%clk 1:31:31]} 4. Nc3
{[%clk 1:31:48]} Bb4 {[%clk 1:31:54]} 5. Bg5 {[%clk 1:32:02]} h6 {[%clk 1:32:17]}
6. Bxf6 {[%clk 1:32:15]} Qxf6 {[%clk 1:32:41]} 7. e3 {[%clk 1:32:25]} O-O
{[%clk 1:32:59]} 8. Rc1 {[%clk 1:32:38]} dxc4 {[%clk 1:33:02]} 9. Bxc4
{[%clk 1:32:57]} c5 {[%clk 1:33:25]} 10. dxc5 {[%clk 1:33:05]} Nd7
{[%clk 1:33:25]} 11. O-O {[%clk 1:33:25]} Nxc5 {[%clk 1:33:26]} 12. Nb5
{[%clk 1:33:35]} a6 {[%clk 1:18:11]} 13. Nbd4 {[%clk 1:33:10]} Nd7
{[%clk 1:04:49]} 14. Qc2 {[%clk 1:25:22]} e5 {[%clk 0:55:37]} 15. Ne2
{[%clk 1:16:00]} Nb6 {[%clk 0:55:06]} 16. Ng3 {[%clk 1:08:40]} Bg4
{[%clk 0:32:12]} 17. Qe4 {[%clk 1:00:54]} Bxf3 {[%clk 0:30:54]} 18. gxf3
{[%clk 1:00:46]} Nxc4 {[%clk 0:26:07]} 19. Rxc4 {[%clk 0:57:43]} Be7
{[%clk 0:25:33]} 20. b3 {[%clk 0:52:48]} Rab8 {[%clk 0:20:53]} 21. Rc7
{[%clk 0:40:47]} Qe6 {[%clk 0:20:30]} 22. f4 {[%clk 0:39:15]} Rfc8
{[%clk 0:05:25]} 23. Rfc1 {[%clk 0:31:48]} Rxc7 {[%clk 0:03:53]} 24. Rxc7
{[%clk 0:32:11]} Qd6 {[%clk 0:04:17]} 25. Qxe5 {[%clk 0:31:39]} Qd1+
{[%clk 0:02:39]} 26. Kg2 {[%clk 0:32:00]} Bd6 {[%clk 0:02:48]} 27. Rd7
{[%clk 0:32:21]} Bxe5 {[%clk 0:03:07]} 28. Rxd1 {[%clk 0:32:47]} Bf6
{[%clk 0:03:19]} 29. Rd7 {[%clk 0:31:53]} Kf8 {[%clk 0:03:18]} 30. Nf5
{[%clk 0:31:45]} b6 {[%clk 0:02:19]} 31. e4 {[%clk 0:29:00]} h5 32. e5 Bd8
{[%clk 0:02:03]} 33. Kf3 {[%clk 0:28:10]} g6 {[%clk 0:01:37]} 34. Nd6
{[%clk 0:27:26]} Be7 {[%clk 0:02:01]} 35. Ke4 {[%clk 0:26:07]} Bxd6
{[%clk 0:02:00]} 36. exd6 {[%clk 0:22:57]} Re8+ {[%clk 0:02:11]} 37. Kd5
{[%clk 0:22:50]} Re2 {[%clk 0:02:36]} 38. Rd8+ {[%clk 0:22:50]} Kg7
{[%clk 0:03:02]} 39. Ra8 {[%clk 0:22:51]} Rd2+ {[%clk 0:02:40]} 40. Kc6
{[%clk 0:53:13]} Rc2+ 41. Kxb6 {[%clk 0:53:38]} Rd2 {[%clk 0:33:21]} 42. Kc7
{[%clk 0:53:42]} Rc2+ {[%clk 0:33:46]} 43. Kd8 {[%clk 0:53:59]} 1-0

[Event "World Chess Olympiad 2018"]
[Site "Batumi"]
[Date "2018.10.03"]
[Round "9"]
[Board "3"]
[WhiteFideId "1319620"]
[White "Studer Noel"]
[BlackFideId "12401820"]
[Black "Tran Tuan Minh"]
[Result "0-1"]
[LiveChessVersion "1.4.8"]
[BlackElo "2491"]
[WhiteElo "2484"]

1. d4 {[%clk 1:30:56]} Nf6 {[%clk 1:30:37]} 2. c4 {[%clk 1:31:22]} e6
{[%clk 1:30:34]} 3. Nf3 {[%clk 1:31:47]} b6 {[%clk 1:30:51]} 4. g3
{[%clk 1:32:13]} Bb7 {[%clk 1:30:46]} 5. Bg2 {[%clk 1:32:38]} Be7
{[%clk 1:31:06]} 6. O-O {[%clk 1:33:05]} O-O {[%clk 1:31:24]} 7. Nc3
{[%clk 1:33:33]} Ne4 {[%clk 1:31:43]} 8. Qc2 {[%clk 1:33:59]} Nxc3
{[%clk 1:31:50]} 9. Qxc3 {[%clk 1:34:27]} c5 {[%clk 1:32:08]} 10. b3
{[%clk 1:34:41]} d5 {[%clk 1:31:35]} 11. Bb2 {[%clk 1:33:54]} Nd7
{[%clk 1:27:33]} 12. dxc5 {[%clk 1:33:47]} Bf6 {[%clk 1:27:56]} 13. Qc2
{[%clk 1:33:10]} Nxc5 {[%clk 1:25:24]} 14. Nd4 {[%clk 1:18:22]} dxc4
{[%clk 1:21:38]} 15. Bxb7 {[%clk 0:59:37]} Nxb7 {[%clk 1:21:05]} 16. Qxc4
{[%clk 0:52:31]} Rc8 {[%clk 1:20:28]} 17. Qd3 {[%clk 0:39:41]} e5
{[%clk 1:14:57]} 18. Nf3 {[%clk 0:39:21]} Qxd3 {[%clk 1:14:44]} 19. exd3
{[%clk 0:39:47]} e4 {[%clk 1:14:55]} 20. Bxf6 {[%clk 0:39:56]} exf3
{[%clk 1:15:16]} 21. Be7 {[%clk 0:37:24]} Rfe8 {[%clk 1:15:07]} 22. Rac1
{[%clk 0:27:51]} h5 {[%clk 0:58:18]} 23. Bb4 {[%clk 0:27:11]} a5 {[%clk 0:56:44]}
24. Bd2 {[%clk 0:23:25]} Rxc1 {[%clk 0:52:04]} 25. Rxc1 {[%clk 0:21:40]} Re2
{[%clk 0:52:09]} 26. Be3 {[%clk 0:19:48]} Rxa2 {[%clk 0:52:01]} 27. Bxb6
{[%clk 0:19:59]} Rb2 {[%clk 0:52:16]} 28. Bc7 {[%clk 0:04:14]} Rxb3
{[%clk 0:44:51]} 29. h3 {[%clk 0:04:38]} a4 {[%clk 0:44:46]} 30. d4
{[%clk 0:01:03]} a3 {[%clk 0:41:23]} 31. Ra1 {[%clk 0:01:31]} g5 {[%clk 0:40:34]}
32. g4 {[%clk 0:01:21]} h4 {[%clk 0:40:11]} 33. d5 {[%clk 0:00:33]} f6
{[%clk 0:39:32]} 34. d6 {[%clk 0:00:35]} Kf7 {[%clk 0:38:52]} 35. d7
{[%clk 0:00:34]} Ke7 {[%clk 0:38:21]} 36. Rd1 {[%clk 0:00:56]} a2
{[%clk 0:37:26]} 37. d8=Q+ {[%clk 0:01:22]} Nxd8 {[%clk 0:37:44]} 38. Bxd8+
{[%clk 0:01:51]} Kf7 {[%clk 0:36:29]} 39. Rd7+ {[%clk 0:00:36]} Ke8
{[%clk 0:35:30]} 40. Ra7 {[%clk 0:30:33]} Rb1+ {[%clk 1:05:31]} 41. Kh2
{[%clk 0:30:54]} a1=Q {[%clk 1:05:42]} 42. Rxa1 {[%clk 0:31:20]} Rxa1
{[%clk 1:06:06]} 43. Bxf6 {[%clk 0:31:48]} Ra5 {[%clk 1:06:25]} 44. Bd4
{[%clk 0:31:57]} Rd5 {[%clk 1:06:47]} 45. Be3 {[%clk 0:32:06]} Kd7
{[%clk 1:07:10]} 46. Ba7 {[%clk 0:26:28]} Kc6 {[%clk 1:07:03]} 0-1

[Event "World Chess Olympiad 2018"]
[Site "Batumi"]
[Date "2018.10.03"]
[Round "9"]
[Board "4"]
[WhiteFideId "12404675"]
[White "Nguyen Anh Khoi"]
[BlackFideId "1304232"]
[Black "Jenni Florian"]
[Result "1-0"]
[LiveChessVersion "1.4.8"]
[BlackElo "2456"]
[WhiteElo "2463"]

1. d4 {[%clk 1:30:57]} Nf6 {[%clk 1:30:52]} 2. c4 {[%clk 1:31:18]} e6
{[%clk 1:31:13]} 3. g3 {[%clk 1:31:27]} c5 {[%clk 1:31:25]} 4. d5
{[%clk 1:31:43]} exd5 {[%clk 1:31:38]} 5. cxd5 {[%clk 1:32:05]} d6
{[%clk 1:31:57]} 6. Nc3 {[%clk 1:32:29]} g6 {[%clk 1:32:14]} 7. Bg2
{[%clk 1:32:42]} Bg7 {[%clk 1:32:33]} 8. Nf3 {[%clk 1:32:58]} O-O
{[%clk 1:32:47]} 9. O-O {[%clk 1:33:19]} Re8 {[%clk 1:31:53]} 10. Re1
{[%clk 1:32:10]} a6 {[%clk 1:30:14]} 11. a4 {[%clk 1:31:59]} Nbd7
{[%clk 1:28:03]} 12. Bf4 {[%clk 1:29:54]} Ng4 {[%clk 1:24:17]} 13. h3
{[%clk 1:27:02]} Nge5 {[%clk 1:23:52]} 14. Ne4 {[%clk 1:24:50]} Nxf3+
{[%clk 1:20:52]} 15. exf3 {[%clk 1:23:20]} Ne5 {[%clk 1:11:20]} 16. Bg5
{[%clk 1:17:37]} f6 {[%clk 1:08:46]} 17. Bd2 {[%clk 1:15:53]} Bf5
{[%clk 0:37:46]} 18. Bc3 {[%clk 1:15:50]} Bxe4 {[%clk 0:30:30]} 19. fxe4
{[%clk 1:12:02]} b5 {[%clk 0:30:09]} 20. b3 {[%clk 1:00:36]} Qd7 {[%clk 0:24:38]}
21. f4 {[%clk 0:50:44]} Nf7 {[%clk 0:24:37]} 22. Ra2 {[%clk 0:50:52]} b4
{[%clk 0:19:57]} 23. Ba1 {[%clk 0:49:12]} Re7 {[%clk 0:18:40]} 24. Rae2
{[%clk 0:42:17]} Rc8 {[%clk 0:17:46]} 25. Re3 {[%clk 0:33:12]} Rce8
{[%clk 0:08:42]} 26. Bb2 {[%clk 0:26:02]} Nd8 {[%clk 0:08:38]} 27. Bf1
{[%clk 0:23:01]} Qa7 {[%clk 0:03:57]} 28. Bc4 {[%clk 0:19:58]} Nb7
{[%clk 0:04:04]} 29. Qa1 {[%clk 0:19:22]} Rf8 {[%clk 0:02:35]} 30. e5
{[%clk 0:16:27]} fxe5 {[%clk 0:02:55]} 31. fxe5 {[%clk 0:16:49]} Na5
{[%clk 0:03:00]} 32. e6 {[%clk 0:13:53]} Nxc4 {[%clk 0:02:50]} 33. bxc4
{[%clk 0:14:16]} Bxb2 {[%clk 0:02:40]} 34. Qxb2 {[%clk 0:14:37]} Ree8
{[%clk 0:02:16]} 35. e7 {[%clk 0:08:47]} Rf7 {[%clk 0:02:39]} 36. Qe2
{[%clk 0:08:52]} Qd7 {[%clk 0:01:32]} 37. Re6 {[%clk 0:07:45]} a5
{[%clk 0:00:35]} 38. h4 {[%clk 0:06:41]} b3 {[%clk 0:00:53]} 39. h5
{[%clk 0:03:21]} gxh5 {[%clk 0:01:17]} 40. Kg2 {[%clk 0:30:45]} b2
{[%clk 0:30:33]} 41. Qxb2 {[%clk 0:23:00]} Rfxe7 {[%clk 0:24:39]} 42. Qf6
{[%clk 0:19:25]} Rxe6 {[%clk 0:23:09]} 43. Rxe6 {[%clk 0:19:47]} Qxa4
{[%clk 0:19:14]} 44. Qg5+ {[%clk 0:14:23]} Kh8 {[%clk 0:19:30]} 45. Qf6+
{[%clk 0:10:05]} Kg8 {[%clk 0:19:41]} 46. Qg5+ {[%clk 0:10:10]} Kh8
{[%clk 0:20:06]} 47. Qf4 {[%clk 0:10:18]} Qd7 {[%clk 0:14:45]} 48. Rxd6
{[%clk 0:09:09]} Re2+ {[%clk 0:08:08]} 49. Kf3 {[%clk 0:08:04]} Qe7
{[%clk 0:05:28]} 50. Rc6 {[%clk 0:06:54]} Re1 {[%clk 0:03:33]} 51. Qb8+
{[%clk 0:06:55]} 1-0

[Event "World Chess Olympiad 2018"]
[Site "Batumi"]
[Date "2018.10.03"]
[Round "9"]
[Board "2"]
[WhiteFideId "900290"]
[White "Kosic Dragan"]
[BlackFideId "14109182"]
[Black "Kryvoruchko Yuriy"]
[Result "0-1"]
[LiveChessVersion "1.4.8"]
[BlackElo "2695"]
[WhiteElo "2465"]

1. d4 {[%clk 1:30:54]} Nf6 {[%clk 1:30:56]} 2. c4 {[%clk 1:31:13]} e6
{[%clk 1:31:18]} 3. Nf3 {[%clk 1:31:33]} b6 {[%clk 1:31:21]} 4. e3
{[%clk 1:28:02]} Bb7 {[%clk 1:31:36]} 5. Bd3 {[%clk 1:28:26]} d5 {[%clk 1:31:47]}
6. cxd5 {[%clk 1:28:45]} exd5 {[%clk 1:32:10]} 7. O-O {[%clk 1:29:09]} Bd6
{[%clk 1:32:11]} 8. b3 {[%clk 1:29:33]} Qe7 {[%clk 1:31:07]} 9. Bb2
{[%clk 1:29:06]} Nbd7 {[%clk 1:28:59]} 10. Nc3 {[%clk 1:29:03]} a6
{[%clk 1:29:14]} 11. Rc1 {[%clk 1:26:30]} O-O {[%clk 1:28:49]} 12. Ne2
{[%clk 1:25:47]} Ne4 {[%clk 1:26:22]} 13. Ng3 {[%clk 1:26:04]} Nxg3
{[%clk 1:22:09]} 14. hxg3 {[%clk 1:26:11]} Nf6 {[%clk 1:22:25]} 15. Ne5
{[%clk 1:23:13]} Ne4 {[%clk 1:21:49]} 16. Bxe4 {[%clk 1:14:06]} dxe4
{[%clk 1:22:11]} 17. Nc4 {[%clk 1:09:33]} Bd5 {[%clk 1:17:08]} 18. Nxd6
{[%clk 1:06:59]} Qxd6 {[%clk 1:17:25]} 19. Qg4 {[%clk 1:05:45]} c6
{[%clk 1:16:12]} 20. Qf4 {[%clk 1:02:59]} Qd7 {[%clk 1:13:02]} 21. g4
{[%clk 0:55:47]} Rfe8 {[%clk 1:12:56]} 22. Qf5 {[%clk 0:44:39]} Qd6
{[%clk 1:09:07]} 23. Qf4 {[%clk 0:35:47]} Qd8 {[%clk 1:07:30]} 24. Rc2
{[%clk 0:29:42]} Re6 {[%clk 1:07:11]} 25. f3 {[%clk 0:29:25]} Qh4
{[%clk 1:01:03]} 26. g5 {[%clk 0:24:17]} Qxf4 {[%clk 0:59:47]} 27. exf4
{[%clk 0:24:41]} exf3 {[%clk 0:59:49]} 28. gxf3 {[%clk 0:25:05]} Rae8
{[%clk 0:59:17]} 29. Bc1 {[%clk 0:16:35]} f6 {[%clk 0:56:35]} 30. Kf2
{[%clk 0:08:43]} f5 {[%clk 0:56:56]} 31. Rh1 {[%clk 0:06:47]} a5 {[%clk 0:56:52]}
32. Rd1 {[%clk 0:06:01]} Kf7 {[%clk 0:57:00]} 33. Rh1 {[%clk 0:05:52]} Kg6
{[%clk 0:57:23]} 34. Rb2 {[%clk 0:05:56]} h5 {[%clk 0:54:54]} 35. gxh6
{[%clk 0:05:42]} gxh6 {[%clk 0:55:23]} 36. Rc2 {[%clk 0:05:30]} b5
{[%clk 0:53:34]} 37. Rb2 {[%clk 0:04:05]} Kh7 {[%clk 0:53:39]} 38. Rg1
{[%clk 0:04:14]} Ra8 {[%clk 0:52:39]} 39. Re2 {[%clk 0:01:22]} Rxe2+
{[%clk 0:52:44]} 40. Kxe2 {[%clk 0:31:50]} a4 {[%clk 1:23:04]} 41. bxa4
{[%clk 0:27:51]} bxa4 {[%clk 1:18:58]} 42. a3 {[%clk 0:26:28]} Rb8
{[%clk 1:18:50]} 43. Rg3 {[%clk 0:24:03]} Rb3 {[%clk 1:19:07]} 44. Rh3
{[%clk 0:23:45]} Kg6 {[%clk 1:16:42]} 45. Rg3+ {[%clk 0:21:20]} Kf7
{[%clk 1:16:41]} 46. Rh3 {[%clk 0:21:30]} h5 {[%clk 1:17:04]} 47. Be3
{[%clk 0:18:23]} Kg6 {[%clk 1:17:17]} 48. Rg3+ {[%clk 0:16:03]} Kh6
{[%clk 1:17:21]} 49. Bc1 {[%clk 0:15:09]} h4 {[%clk 1:14:22]} 50. Rh3
{[%clk 0:15:35]} Kh5 {[%clk 1:14:48]} 51. Bd2 {[%clk 0:13:55]} Bc4+
{[%clk 1:15:14]} 52. Kf2 {[%clk 0:12:36]} Rxa3 {[%clk 1:15:00]} 53. Bb4
{[%clk 0:13:03]} Ra2+ {[%clk 1:15:18]} 54. Kg1 {[%clk 0:13:06]} Ra1+
{[%clk 1:15:41]} 55. Kf2 {[%clk 0:13:32]} a3 {[%clk 1:15:22]} 0-1

[Event "World Chess Olympiad 2018"]
[Site "Batumi"]
[Date "2018.10.03"]
[Round "9"]
[Board "3"]
[WhiteFideId "14103320"]
[White "Ponomariov Ruslan"]
[BlackFideId "944335"]
[Black "Draskovic Luka"]
[Result "0-1"]
[LiveChessVersion "1.4.8"]
[BlackElo "2449"]
[WhiteElo "2681"]

1. e4 {[%clk 1:30:57]} c5 {[%clk 1:30:45]} 2. Nf3 {[%clk 1:30:50]} d6
{[%clk 1:30:57]} 3. Bb5+ {[%clk 1:30:33]} Bd7 {[%clk 1:31:09]} 4. c4
{[%clk 1:29:46]} Nf6 {[%clk 1:26:00]} 5. Nc3 {[%clk 1:29:53]} g6 {[%clk 1:21:14]}
6. d4 {[%clk 1:29:00]} cxd4 {[%clk 1:21:15]} 7. Nxd4 {[%clk 1:28:57]} Bg7
{[%clk 1:19:51]} 8. Be3 {[%clk 1:23:07]} O-O {[%clk 1:18:07]} 9. f3
{[%clk 1:16:48]} Nc6 {[%clk 1:16:43]} 10. Bxc6 {[%clk 0:58:25]} bxc6
{[%clk 1:15:39]} 11. c5 {[%clk 0:57:44]} Qb8 {[%clk 0:56:33]} 12. cxd6
{[%clk 0:48:35]} Qxb2 {[%clk 0:54:36]} 13. Nde2 {[%clk 0:47:13]} Nxe4
{[%clk 0:38:19]} 14. Nxe4 {[%clk 0:47:09]} Qxa1 {[%clk 0:38:17]} 15. Qxa1
{[%clk 0:47:34]} Bxa1 {[%clk 0:38:43]} 16. dxe7 {[%clk 0:47:54]} Rfe8
{[%clk 0:38:04]} 17. Kf2 {[%clk 0:35:03]} Bg7 {[%clk 0:31:58]} 18. Bg5
{[%clk 0:30:00]} f5 {[%clk 0:22:05]} 19. Nd6 {[%clk 0:29:07]} h6 {[%clk 0:20:51]}
20. Nxe8 {[%clk 0:29:11]} Rxe8 {[%clk 0:20:21]} 21. Be3 {[%clk 0:28:45]} Rxe7
{[%clk 0:16:00]} 22. Bxa7 {[%clk 0:28:55]} Be6 {[%clk 0:15:39]} 23. Bd4
{[%clk 0:21:09]} Bc4 {[%clk 0:15:32]} 0-1